But there's a snag (Record no. 75188)
[ view plain ]
| 000 -LEADER | |
|---|---|
| fixed length control field | 01067cab a2200205 4500 |
| 001 - CONTROL NUMBER | |
| control field | L129626 |
| 008 - FIXED-LENGTH DATA ELEMENTS--GENERAL INFORMATION | |
| fixed length control field | 050506n2005 000 0 eng u |
| 035 ## - SYSTEM CONTROL NUMBER | |
| System control number | (Sirsi) u129626 |
| 041 ## - LANGUAGE CODE | |
| Language code of text/sound track or separate title | eng |
| 100 ## - MAIN ENTRY--PERSONAL NAME | |
| Personal name | Patterson, Lindy |
| 245 ## - TITLE STATEMENT | |
| Title | But there's a snag |
| 260 ## - PUBLICATION, DISTRIBUTION, ETC. | |
| Date of publication, distribution, etc. | 2005 |
| 490 ## - SERIES STATEMENT | |
| Series statement | Construction News |
| Volume/sequential designation | (6913) 21 April 2005, 19(1) |
| 520 ## - SUMMARY, ETC. | |
| Summary, etc. | Discusses the procedures for identifying and claiming for defective work. Notes that the contract should have a procedure for defects but this varies prior to and post practical completion. When a job is ongoing, most standard form contracts lay down procedures where the architect or contract administrator can order the defective work to be removed or fixed (eg. JCT 98 clause 8). Beyond the defects liability period there is an ongoing liability for latent defects. |
| 590 ## - LOCAL NOTE (RLIN) | |
| Local note | IKA190505 |
| 650 ## - SUBJECT ADDED ENTRY--TOPICAL TERM | |
| Topical term or geographic name entry element | PEARCE AND HIGH LTD V BAXTER |
| 650 ## - SUBJECT ADDED ENTRY--TOPICAL TERM | |
| Topical term or geographic name entry element | JCT STANDARD FORM OF BUILDING CONTRACT (1998 EDITION) |
| 690 ## - LOCAL SUBJECT ADDED ENTRY--TOPICAL TERM (OCLC, RLIN) | |
| Topical term or geographic name as entry element | BUILT ENVIRONMENT-CONSTRUCTION MANAGEMENT-BUILDING CONTRACT ADMINISTRATION |
| 942 ## - ADDED ENTRY ELEMENTS (KOHA) | |
| Suppress in OPAC | 0 |
| Withdrawn status | Lost status | Source of classification or shelving scheme | Damaged status | Not for loan | Home library | Current library | Shelving location | Date acquired | Total Checkouts | Full call number | Barcode | Date last seen | Copy number | Price effective from | Koha item type |
|---|---|---|---|---|---|---|---|---|---|---|---|---|---|---|---|
| Dewey Decimal Classification | London | London | Journal article | 06/05/2005 | L129626 | 129626-1001 | 06/08/2019 | 1 | 06/08/2019 | Journal article |